Разработка состава высокотемпературной керамики для изготовления оснастки для высокотемпературных печей; Современные технологии и материалы новых поколений

Bibliographische Detailangaben
Parent link:Современные технологии и материалы новых поколений.— 2017.— [С. 328-329]
1. Verfasser: Орехов А. С.
Körperschaft: Национальный исследовательский Томский политехнический университет (ТПУ) Институт физики высоких технологий (ИФВТ) Кафедра технологии силикатов и наноматериалов (ТСН)
Weitere Verfasser: Дитц А. А. Александр Андреевич
Zusammenfassung:Заглавие с экрана
Sprache:Russisch
Veröffentlicht: 2017
Schriftenreihe:Аддитивные технологии получения новых материалов
Schlagworte:
Online-Zugang:http://earchive.tpu.ru/handle/11683/43754
Format: MixedMaterials Elektronisch Buchkapitel
KOHA link:https://koha.lib.tpu.ru/cgi-bin/koha/opac-detail.pl?biblionumber=624179

MARC

LEADER 00000naa2a2200000 4500
001 624179
005 20240115104206.0
035 |a (RuTPU)RU\TPU\conf\23392 
035 |a RU\TPU\conf\23388 
090 |a 624179 
100 |a 20171102d2017 k y0rusy50 ca 
101 0 |a rus 
102 |a RU 
105 |a y z 101zy 
135 |a drgn ---uucaa 
181 0 |a i  
182 0 |a b 
200 1 |a Разработка состава высокотемпературной керамики для изготовления оснастки для высокотемпературных печей  |f А. С. Орехов, А. А. Дитц 
203 |a Текст  |c электронный 
225 1 |a Аддитивные технологии получения новых материалов 
300 |a Заглавие с экрана 
320 |a [Библиогр.: с. 329 (4 назв.)] 
463 0 |0 (RuTPU)RU\TPU\conf\23187  |t Современные технологии и материалы новых поколений  |o сборник трудов Международной конференции с элементами научной школы для молодежи, г. Томск, 9-13 октября 2017 г.  |f Национальный исследовательский Томский политехнический университет (ТПУ) ; Российская академия наук (РАН), Сибирское отделение (СО), Институт физики прочности и материаловедения (ИФПМ)  |v [С. 328-329]  |d 2017 
610 1 |a электронный ресурс 
610 1 |a состав 
610 1 |a высокотемпературная керамика 
610 1 |a оснастка 
610 1 |a высокотемпературные печи 
610 1 |a огнеупорные материалы 
610 1 |a керамические изделия 
610 1 |a порошки 
610 1 |a нитевидные кристаллы 
610 1 |a армирование 
610 1 |a прочностные характеристики 
700 1 |a Орехов  |b А. С. 
701 1 |a Дитц  |b А. А.  |c химик-технолог  |c доцент Томского политехнического университета, кандидат технических наук  |f 1981-  |g Александр Андреевич  |3 (RuTPU)RU\TPU\pers\30252  |9 14629 
712 0 2 |a Национальный исследовательский Томский политехнический университет (ТПУ)  |b Институт физики высоких технологий (ИФВТ)  |b Кафедра технологии силикатов и наноматериалов (ТСН)  |3 (RuTPU)RU\TPU\col\18694 
801 2 |a RU  |b 63413507  |c 20171103  |g RCR 
856 4 |u http://earchive.tpu.ru/handle/11683/43754 
942 |c BK